000
00302nam a22001337a 4500
008
170825b xxu||||| |||| 00| 0 eng d
020
_a
9780205063635
041
_a
eng
080
_2
6TH
_a
070
100
_a
39
101
_a
MED
245
_a
BECOMING A CRITICAL THINKER
_c
DIESTLER,S
942
_2
udc
_c
BK
999
_c
25074
_d
25074